{"text_format":"3","workbook":"xlsx","n_sheets":2,"sheets":["SUMMARY","ESTIMATE"],"not_rendered":{"images":1,"defined_names":3},"read":"whole","date_system":"1900"}

{"sheet":"SUMMARY","index":0,"n_rows":17,"n_cols":5,"rows_kept":17,"merged":[[0,4,0,5],[0,9,0,10],[0,11,0,15],[1,4,1,5],[1,6,1,10],[2,0,2,2],[2,4,2,5],[2,6,2,10],[3,0,3,2]]}
[]
[{"$nulls":4},"Project Name:"]
["www.biddingpartners.com",{"$nulls":3},"Address:"]
["+1 (347) 994-0941"]
[]
[null,"CSI DIV.","DESCRIPTION","TOTAL TRADE COST","REMARKS"]
[]
[null,"DIV.01","GENERAL CONDITIONS",{"$f":"ESTIMATE!P8","v":{"v":23000,"d":"$23,000.00"}}]
[null,"DIV.03","CONCRETE",{"$f":"ESTIMATE!P14","v":{"v":246744.577736963,"d":"$246,744.58"}}]
[{"$f":"IF(G10<>\"\",1+MAX($A$1:A9),\"\")","v":""},"DIV.31","EARTHWORKS",{"$f":"ESTIMATE!P63","v":{"v":141957.47703703702,"d":"$141,957.48"}}]
[{"$f":"IF(G11<>\"\",1+MAX($A$1:A9),\"\")","v":""}]
[null,null,"SUBTOTAL",{"$f":"SUM(D8:D11)","v":{"v":411702.054774,"d":"$411,702.05"}}]
[null,null,"OVERHEAD & PROFIT - 25%",{"$f":"0.25*D12","v":{"v":102925.5136935,"d":"$102,925.51"}}]
[null,null,"TOTAL BID",{"$f":"SUM(D12:D13)","v":{"v":514627.56846750004,"d":"$514,627.57"}}]
[]
[{"$f":"IF(G27<>\"\",1+MAX($A$1:A15),\"\")","v":""},null,"EXCLUSIONS"]
[{"$f":"IF(G28<>\"\",1+MAX($A$1:A16),\"\")","v":""},null,"ALL ITEMS NOT MENTIONED ABOVE ARE EXCLUDED"]

{"sheet":"ESTIMATE","index":1,"n_rows":74,"n_cols":16,"rows_kept":74,"merged":[[0,9,0,10],[0,11,0,15],[1,9,1,10],[1,11,1,15],[2,0,2,3],[2,9,2,10],[2,11,2,15],[3,0,3,3],[71,0,71,3],[73,0,73,3]]}
[]
[{"$nulls":9},"Project Name:"]
["www.biddingpartners.com",{"$nulls":8},"Address:"]
[{"v":3479940941,"d":"+1 (347) 994-0941"}]
[]
["SR #","REFERENCE SHEET","DETAIL SHEET","CSI SECT","DESCRIPTION","QTY.","WASTAGE","QTY WITH\nWASTAGE","UNIT OF\nMEASURMENT","UNIT LABOR COST","TOTAL LABOR COST","UNIT MATERIAL COST","TOTAL MATERIAL COST","UNIT COST","TOTAL ITEM\nCOST","TOTAL TRADE\nCOST"]
[]
[{"$nulls":3},"DIV. 01","GENERAL REQUIREMENTS",{"$nulls":10},{"$f":"SUM(O10:O12)","v":{"v":23000,"d":"$23,000"}}]
[]
[{"$f":"IF(I10<>\"\",1+MAX($A$6:A9),\"\")","v":1},{"$nulls":3},"PERMITS & SITE SUPERVISION FEE",1,{"v":0,"d":"0%"},{"$f":"F10*(1+G10)","v":1},"LS",{"$nulls":4},{"v":12000,"d":"$12,000.0"},{"$f":"N10*H10","v":{"v":12000,"d":"$12,000"}}]
[{"$f":"IF(I11<>\"\",1+MAX($A$6:A10),\"\")","v":2},{"$nulls":3},"Allowances",1,{"v":0,"d":"0%"},{"$f":"F11*(1+G11)","v":1},"LS",{"$nulls":4},{"v":6000,"d":"$6,000.0"},{"$f":"N11*H11","v":{"v":6000,"d":"$6,000"}}]
[{"$f":"IF(I12<>\"\",1+MAX($A$6:A11),\"\")","v":3},{"$nulls":3},"Mobilization",1,{"v":0,"d":"0%"},1,"LS",{"$nulls":4},{"v":5000,"d":"$5,000.0"},{"v":5000,"d":"$5,000"}]
[{"$f":"IF(I13<>\"\",1+MAX($A$6:A12),\"\")","v":""}]
[{"$f":"IF(I14<>\"\",1+MAX($A$6:A13),\"\")","v":""},null,null,"DIV. 03","CONCRETE",{"$nulls":10},{"$f":"SUM(O20:O62)","v":{"v":246744.577736963,"d":"$246,745"}}]
[{"$f":"IF(I15<>\"\",1+MAX($A$6:A14),\"\")","v":""}]
[{"$f":"IF(I16<>\"\",1+MAX($A$6:A15),\"\")","v":""},{"$nulls":3},"BUILDING CONCRETE"]
[{"$f":"IF(I17<>\"\",1+MAX($A$6:A16),\"\")","v":""}]
[{"$f":"IF(I18<>\"\",1+MAX($A$6:A17),\"\")","v":""},{"$nulls":3},"RAT SLAB"]
[{"$f":"IF(I19<>\"\",1+MAX($A$6:A18),\"\")","v":""}]
[{"$f":"IF(I20<>\"\",1+MAX($A$6:A19),\"\")","v":4},"S-2.2","A-5",null,"4\" Rat Slab @ Crawl Space",{"v":558.9,"d":"559"},{"v":0.1,"d":"10%"},{"$f":"F20*(1+G20)","v":{"v":614.7900000000001,"d":"615"}},"SF",{"v":3.42,"d":"$3.4"},{"$f":"J20*H20","v":{"v":2102.5818000000004,"d":"$2,102.58"}},{"v":2.58,"d":"$2.58"},{"$f":"L20*H20","v":{"v":1586.1582000000003,"d":"$1,586.16"}},{"v":6,"d":"$6.0"},{"$f":"N20*H20","v":{"v":3688.7400000000007,"d":"$3,689"}}]
[{"$f":"IF(I21<>\"\",1+MAX($A$6:A20),\"\")","v":5},"S-2.2","A-5",null,"Wire Mesh For Rat Slab",{"v":558.9,"d":"559"},{"v":0.1,"d":"10%"},{"$f":"F21*(1+G21)","v":{"v":614.7900000000001,"d":"615"}},"SF",{"v":1.36,"d":"$1.4"},{"$f":"J21*H21","v":{"v":836.1144000000002,"d":"$836.11"}},{"v":0.64,"d":"$0.64"},{"$f":"L21*H21","v":{"v":393.46560000000005,"d":"$393.47"}},{"v":2,"d":"$2.0"},{"$f":"N21*H21","v":{"v":1229.5800000000002,"d":"$1,230"}}]
[{"$f":"IF(I22<>\"\",1+MAX($A$6:A21),\"\")","v":""}]
[{"$f":"IF(I23<>\"\",1+MAX($A$6:A22),\"\")","v":""},{"$nulls":3},"STRUCTURAL SLABS"]
[{"$f":"IF(I24<>\"\",1+MAX($A$6:A23),\"\")","v":""}]
[{"$f":"IF(I25<>\"\",1+MAX($A$6:A24),\"\")","v":6},"S-2.2","S-3.2",null,"4\" Thick Slab On Grade w/ #4 Bars @ 18\" O.C. Each Way",{"v":771.46,"d":"771"},{"v":0.1,"d":"10%"},{"$f":"F25*(1+G25)","v":{"v":848.6060000000001,"d":"849"}},"SF",{"v":3.42,"d":"$3.4"},{"$f":"J25*H25","v":{"v":2902.2325200000005,"d":"$2,902.23"}},{"v":2.58,"d":"$2.58"},{"$f":"L25*H25","v":{"v":2189.4034800000004,"d":"$2,189.40"}},{"v":6,"d":"$6.0"},{"$f":"N25*H25","v":{"v":5091.636,"d":"$5,092"}}]
[{"$f":"IF(I26<>\"\",1+MAX($A$6:A25),\"\")","v":7},"S-2.2","S-3.2",null," #4 Bars @ 18\" O.C. Each Way",{"$f":"F25/1.5*2*0.668","v":{"v":687.1137066666668,"d":"687"}},{"v":0.1,"d":"10%"},{"$f":"F26*(1+G26)","v":{"v":755.8250773333335,"d":"756"}},"LBS",{"v":1.7000000000000002,"d":"$1.7"},{"$f":"J26*H26","v":{"v":1284.9026314666671,"d":"$1,284.90"}},{"v":0.8,"d":"$0.80"},{"$f":"L26*H26","v":{"v":604.6600618666669,"d":"$604.66"}},{"v":2.5,"d":"$2.5"},{"$f":"N26*H26","v":{"v":1889.5626933333338,"d":"$1,890"}}]
[{"$f":"IF(I27<>\"\",1+MAX($A$6:A26),\"\")","v":""}]
[{"$f":"IF(I28<>\"\",1+MAX($A$6:A27),\"\")","v":""},{"$nulls":3},"CONCRETE PIERS"]
[{"$f":"IF(I29<>\"\",1+MAX($A$6:A28),\"\")","v":""}]
[{"$f":"IF(I30<>\"\",1+MAX($A$6:A29),\"\")","v":8},"S-2.2","S-2.2",null,"P1 - 18\" Dia Drilled Concrete Pier w/ (6) Verti. Bars & #4 Spiral Ties Bars @ 3\" O.C. - 12' High",{"v":9.42,"d":"9"},{"v":0.1,"d":"10%"},{"$f":"F30*(1+G30)","v":{"v":10.362,"d":"10"}},"CY",{"v":246.75,"d":"$246.8"},{"$f":"J30*H30","v":{"v":2556.8235,"d":"$2,556.82"}},{"v":278.25,"d":"$278.25"},{"$f":"L30*H30","v":{"v":2883.2265,"d":"$2,883.23"}},{"v":525,"d":"$525.0"},{"$f":"N30*H30","v":{"v":5440.05,"d":"$5,440"}}]
[{"$f":"IF(I31<>\"\",1+MAX($A$6:A30),\"\")","v":9},"S-2.2","S-2.2",null,"(6) #6 Verti. Bars",{"$f":"12*6*1.5*12","v":{"v":1296,"d":"1,296"}},{"v":0.1,"d":"10%"},{"$f":"F31*(1+G31)","v":{"v":1425.6000000000001,"d":"1426"}},"LBS",{"v":2.176,"d":"$2.2"},{"$f":"J31*H31","v":{"v":3102.1056000000003,"d":"$3,102.11"}},{"v":1.024,"d":"$1.02"},{"$f":"L31*H31","v":{"v":1459.8144000000002,"d":"$1,459.81"}},{"v":3.2,"d":"$3.2"},{"$f":"N31*H31","v":{"v":4561.920000000001,"d":"$4,562"}}]
[{"$f":"IF(I32<>\"\",1+MAX($A$6:A31),\"\")","v":10},"S-2.2","S-2.2",null,"#4 Spiral Ties Bars @ 3\" O.C.",{"v":382.52736,"d":"383"},{"v":0.1,"d":"10%"},{"v":420.780096,"d":"421"},"LBS",{"v":1.7000000000000002,"d":"$1.7"},{"$f":"J32*H32","v":{"v":715.3261632000001,"d":"$715.33"}},{"v":0.8,"d":"$0.80"},{"$f":"L32*H32","v":{"v":336.6240768,"d":"$336.62"}},{"v":2.5,"d":"$2.5"},{"v":1051.9502400000001,"d":"$1,052"}]
[{"$f":"IF(I33<>\"\",1+MAX($A$6:A32),\"\")","v":""}]
[{"$f":"IF(I34<>\"\",1+MAX($A$6:A33),\"\")","v":11},"S-2.2","S-2.2",null,"P1 - 18\" Dia Drilled Concrete Pier w/ (6) Verti. Bars & #4 Spiral Ties Bars @ 3\" O.C. - 16' High",{"v":6.28,"d":"6"},{"v":0.1,"d":"10%"},{"$f":"F34*(1+G34)","v":{"v":6.908000000000001,"d":"7"}},"CY",{"v":246.75,"d":"$246.8"},{"$f":"J34*H34","v":{"v":1704.5490000000002,"d":"$1,704.55"}},{"v":278.25,"d":"$278.25"},{"$f":"L34*H34","v":{"v":1922.1510000000003,"d":"$1,922.15"}},{"v":525,"d":"$525.0"},{"$f":"N34*H34","v":{"v":3626.7000000000007,"d":"$3,627"}}]
[{"$f":"IF(I35<>\"\",1+MAX($A$6:A34),\"\")","v":12},"S-2.2","S-2.2",null,"(6) #6 Verti. Bars",{"$f":"16*6*1.5*6","v":864},{"v":0.1,"d":"10%"},{"v":950.4000000000001,"d":"950"},"LBS",{"v":2.176,"d":"$2.2"},{"$f":"J35*H35","v":{"v":2068.0704000000005,"d":"$2,068.07"}},{"v":1.024,"d":"$1.02"},{"$f":"L35*H35","v":{"v":973.2096000000001,"d":"$973.21"}},{"v":3.2,"d":"$3.2"},{"v":3041.2800000000007,"d":"$3,041"}]
[{"$f":"IF(I36<>\"\",1+MAX($A$6:A35),\"\")","v":13},"S-2.2","S-2.2",null,"#4 Spiral Ties Bars @ 3\" O.C.",{"v":255.01,"d":"255"},{"v":0.1,"d":"10%"},{"v":280.511,"d":"281"},"LBS",{"v":1.7000000000000002,"d":"$1.7"},{"$f":"J36*H36","v":{"v":476.8687000000001,"d":"$476.87"}},{"v":0.8,"d":"$0.80"},{"$f":"L36*H36","v":{"v":224.40880000000004,"d":"$224.41"}},{"v":2.5,"d":"$2.5"},{"v":701.2775,"d":"$701"}]
[{"$f":"IF(I37<>\"\",1+MAX($A$6:A36),\"\")","v":""}]
[{"$f":"IF(I38<>\"\",1+MAX($A$6:A37),\"\")","v":""},{"$nulls":3},"RETAINING WALL"]
[{"$f":"IF(I39<>\"\",1+MAX($A$6:A38),\"\")","v":""}]
[{"$f":"IF(I40<>\"\",1+MAX($A$6:A39),\"\")","v":14},"S-2.1","S-3.2",null,"12\" Thick Concrete Retaining Wall - 10' High",{"$f":"1*196.95*10/27","v":{"v":72.94444444444444,"d":"73"}},{"v":0.1,"d":"10%"},{"$f":"F40*(1+G40)","v":{"v":80.2388888888889,"d":"80"}},"CY",{"v":220.89999999999998,"d":"$220.9"},{"$f":"J40*H40","v":{"v":17724.770555555555,"d":"$17,724.77"}},{"v":249.10000000000002,"d":"$249.10"},{"$f":"L40*H40","v":{"v":19987.507222222226,"d":"$19,987.51"}},{"v":470,"d":"$470.0"},{"$f":"N40*H40","v":{"v":37712.27777777778,"d":"$37,712"}}]
[{"$f":"IF(I41<>\"\",1+MAX($A$6:A40),\"\")","v":15},"S-2.1","S-3.2",null,"2#4 Bars Horizontal @ 24\" O.C.",{"$f":"(196.95*10)/2*2*0.668","v":{"v":1315.626,"d":"1,316"}},{"v":0.1,"d":"10%"},{"v":1447.1886000000002,"d":"1447"},"LBS",{"v":1.7000000000000002,"d":"$1.7"},{"$f":"J41*H41","v":{"v":2460.2206200000005,"d":"$2,460.22"}},{"v":0.8,"d":"$0.80"},{"$f":"L41*H41","v":{"v":1157.7508800000003,"d":"$1,157.75"}},{"v":2.5,"d":"$2.5"},{"v":3617.9715000000006,"d":"$3,618"}]
[{"$f":"IF(I42<>\"\",1+MAX($A$6:A41),\"\")","v":16},"S-2.1","S-3.2",null,"#6 Verti. @ 6\" O.C.",{"$f":"(196.95*10)/0.5*1.5","v":{"v":5908.5,"d":"5,909"}},{"v":0.1,"d":"10%"},{"$f":"F42*(1+G42)","v":{"v":6499.35,"d":"6499"}},"LBS",{"v":2.176,"d":"$2.2"},{"$f":"J42*H42","v":{"v":14142.585600000002,"d":"$14,142.59"}},{"v":1.024,"d":"$1.02"},{"$f":"L42*H42","v":{"v":6655.334400000001,"d":"$6,655.33"}},{"v":3.2,"d":"$3.2"},{"$f":"N42*H42","v":{"v":20797.920000000002,"d":"$20,798"}}]
[{"$f":"IF(I43<>\"\",1+MAX($A$6:A42),\"\")","v":17},"S-2.1","S-3.2",null,"#4 Bars @ 24\" O.C. Verti",{"$f":"(196.95*10)/2*0.668","v":{"v":657.813,"d":"658"}},{"v":0.1,"d":"10%"},{"$f":"F43*(1+G43)","v":{"v":723.5943000000001,"d":"724"}},"LBS",{"v":1.7000000000000002,"d":"$1.7"},{"$f":"J43*H43","v":{"v":1230.1103100000003,"d":"$1,230.11"}},{"v":0.8,"d":"$0.80"},{"$f":"L43*H43","v":{"v":578.8754400000001,"d":"$578.88"}},{"v":2.5,"d":"$2.5"},{"$f":"N43*H43","v":{"v":1808.9857500000003,"d":"$1,809"}}]
[{"$f":"IF(I44<>\"\",1+MAX($A$6:A43),\"\")","v":""}]
[{"$f":"IF(I45<>\"\",1+MAX($A$6:A44),\"\")","v":""},{"$nulls":3},"MAT FOOTING"]
[{"$f":"IF(I46<>\"\",1+MAX($A$6:A45),\"\")","v":""}]
[{"$f":"IF(I47<>\"\",1+MAX($A$6:A46),\"\")","v":18},"S-2.1","S-3.2",null,"14\" Thick Mat Slab ",{"$f":"1.16*2464.44/27","v":{"v":105.87964444444444,"d":"106"}},{"v":0.1,"d":"10%"},{"$f":"F47*(1+G47)","v":{"v":116.46760888888889,"d":"116"}},"CY",{"v":246.75,"d":"$246.8"},{"$f":"J47*H47","v":{"v":28738.382493333334,"d":"$28,738.38"}},{"v":278.25,"d":"$278.25"},{"$f":"L47*H47","v":{"v":32407.112173333335,"d":"$32,407.11"}},{"v":525,"d":"$525.0"},{"$f":"N47*H47","v":{"v":61145.494666666666,"d":"$61,145"}}]
[{"$f":"IF(I48<>\"\",1+MAX($A$6:A47),\"\")","v":19},"S-2.1","S-3.2",null,"#6 Bars @ 12\" O.C. EW. Top & Bottom.",{"$f":"2464.44/1*2*2*1.5","v":{"v":14786.64,"d":"14,787"}},{"v":0.1,"d":"10%"},{"v":16265.304,"d":"16265"},"LBS",{"v":2.176,"d":"$2.2"},{"$f":"J48*H48","v":{"v":35393.301504,"d":"$35,393.30"}},{"v":1.024,"d":"$1.02"},{"$f":"L48*H48","v":{"v":16655.671296,"d":"$16,655.67"}},{"v":3.2,"d":"$3.2"},{"v":52048.9728,"d":"$52,049"}]
[{"$f":"IF(I49<>\"\",1+MAX($A$6:A48),\"\")","v":20},"S-2.1","S-3.2",null,"#6 Bars @ 6\" O.C. At Bottom - 9' Long",{"$f":"(207.32/0.5)*9*1.5","v":{"v":5597.639999999999,"d":"5,598"}},{"v":0.1,"d":"10%"},{"v":6157.4039999999995,"d":"6157"},"LBS",{"v":2.176,"d":"$2.2"},{"$f":"J49*H49","v":{"v":13398.511104,"d":"$13,398.51"}},{"v":1.024,"d":"$1.02"},{"$f":"L49*H49","v":{"v":6305.181696,"d":"$6,305.18"}},{"v":3.2,"d":"$3.2"},{"v":19703.6928,"d":"$19,704"}]
[{"$f":"IF(I50<>\"\",1+MAX($A$6:A49),\"\")","v":21},"S-2.1","S-3.2",null,"(2) #5 Diagonal Reinf. Top & Bottom At Corner - 8' Long",{"$f":"4*8*1.043","v":{"v":33.376,"d":"33"}},{"v":0.1,"d":"10%"},{"v":36.7136,"d":"37"},"LBS",{"v":2.04,"d":"$2.0"},{"$f":"J50*H50","v":{"v":74.895744,"d":"$74.90"}},{"v":0.96,"d":"$0.96"},{"$f":"L50*H50","v":{"v":35.245056,"d":"$35.25"}},{"v":3,"d":"$3.0"},{"v":110.1408,"d":"$110"}]
[{"$f":"IF(I51<>\"\",1+MAX($A$6:A50),\"\")","v":""}]
[{"$f":"IF(I52<>\"\",1+MAX($A$6:A51),\"\")","v":""},{"$nulls":3},"CONCRETE STEM WALLS"]
[{"$f":"IF(I53<>\"\",1+MAX($A$6:A52),\"\")","v":""}]
[{"$f":"IF(I54<>\"\",1+MAX($A$6:A53),\"\")","v":22},"S-2.2","S-3.1",null,"8\" Thick Concrete Stem Wall - 12\" High",{"$f":"181.1*1*0.67/27","v":{"v":4.493962962962963,"d":"4"}},{"v":0.1,"d":"10%"},{"$f":"F54*(1+G54)","v":{"v":4.94335925925926,"d":"4.9"}},"CY",{"v":220.89999999999998,"d":"$220.9"},{"$f":"J54*H54","v":{"v":1091.9880603703705,"d":"$1,091.99"}},{"v":249.10000000000002,"d":"$249.10"},{"$f":"L54*H54","v":{"v":1231.3907914814818,"d":"$1,231.39"}},{"v":470,"d":"$470.0"},{"$f":"N54*H54","v":{"v":2323.3788518518522,"d":"$2,323"}}]
[{"$f":"IF(I55<>\"\",1+MAX($A$6:A54),\"\")","v":23},"S-2.2","S-3.1",null,"#4 Bar Cont.",{"$f":"1*181.1*0.668","v":{"v":120.9748,"d":"121"}},{"v":0.1,"d":"10%"},{"$f":"F55*(1+G55)","v":{"v":133.07228,"d":"133.1"}},"LBS",{"v":1.7000000000000002,"d":"$1.7"},{"$f":"J55*H55","v":{"v":226.22287600000004,"d":"$226.22"}},{"v":0.8,"d":"$0.80"},{"$f":"L55*H55","v":{"v":106.45782400000002,"d":"$106.46"}},{"v":2.5,"d":"$2.5"},{"$f":"N55*H55","v":{"v":332.6807,"d":"$333"}}]
[{"$f":"IF(I56<>\"\",1+MAX($A$6:A55),\"\")","v":24},"S-2.2","S-3.1",null,"#4 Bars @ 18\" O.C. Verti.",{"$f":"181.1*1/1.5*0.668","v":{"v":80.64986666666667,"d":"81"}},{"v":0.1,"d":"10%"},{"$f":"F56*(1+G56)","v":{"v":88.71485333333334,"d":"88.7"}},"LBS",{"v":1.7000000000000002,"d":"$1.7"},{"v":150.81525066666669,"d":"$150.82"},{"v":0.8,"d":"$0.80"},{"v":70.97188266666667,"d":"$70.97"},{"v":2.5,"d":"$2.5"},{"$f":"N56*H56","v":{"v":221.78713333333334,"d":"$222"}}]
[{"$f":"IF(I57<>\"\",1+MAX($A$6:A56),\"\")","v":""}]
[{"$f":"IF(I58<>\"\",1+MAX($A$6:A57),\"\")","v":""},{"$nulls":3},"CONCRETE GRADE BEAM"]
[{"$f":"IF(I59<>\"\",1+MAX($A$6:A58),\"\")","v":""}]
[{"$f":"IF(I60<>\"\",1+MAX($A$6:A59),\"\")","v":25},"S-2.2","S-3.1",null,"(18\"X18\") Grade Beam w/ (3) #5 Bars Top & Bottom",{"$f":"1.5*1.5*249.66/27","v":{"v":20.805,"d":"21"}},{"v":0.1,"d":"10%"},{"$f":"F60*(1+G60)","v":{"v":22.8855,"d":"22.9"}},"CY",{"v":235,"d":"$235.0"},{"$f":"J60*H60","v":{"v":5378.0925,"d":"$5,378.09"}},{"v":265,"d":"$265.00"},{"$f":"L60*H60","v":{"v":6064.6575,"d":"$6,064.66"}},{"v":500,"d":"$500.0"},{"$f":"N60*H60","v":{"v":11442.75,"d":"$11,443"}}]
[{"$f":"IF(I61<>\"\",1+MAX($A$6:A60),\"\")","v":26},"S-2.2","S-3.1",null,"(3) #5 Bars Top & Bottom",{"$f":"6*249.66*1.043","v":{"v":1562.3722799999998,"d":"1,562"}},{"v":0.1,"d":"10%"},{"v":1718.609508,"d":"1718.6"},"LBS",{"v":2.04,"d":"$2.0"},{"$f":"J61*H61","v":{"v":3505.96339632,"d":"$3,505.96"}},{"v":0.96,"d":"$0.96"},{"$f":"L61*H61","v":{"v":1649.86512768,"d":"$1,649.87"}},{"v":3,"d":"$3.0"},{"v":5155.8285240000005,"d":"$5,156"}]
[{"$f":"IF(I62<>\"\",1+MAX($A$6:A61),\"\")","v":""}]
[{"$f":"IF(I63<>\"\",1+MAX($A$6:A62),\"\")","v":""},null,null,"DIV. 31","EARTHWORKS",{"$nulls":10},{"$f":"SUM(O66:O71)","v":{"v":141957.47703703702,"d":"$141,957"}}]
[{"$f":"IF(I64<>\"\",1+MAX($A$6:A63),\"\")","v":""}]
[{"$f":"IF(I65<>\"\",1+MAX($A$6:A64),\"\")","v":""},{"$nulls":3},"EXCAVATION & BACKFILL"]
[{"$f":"IF(I66<>\"\",1+MAX($A$6:A65),\"\")","v":""}]
[{"$f":"IF(I67<>\"\",1+MAX($A$6:A66),\"\")","v":27},"S-2.1","S-2.1",null,"Excavation (For Basement)",{"v":1095.3066666666666,"d":"1,095"},{"v":0.1,"d":"10%"},{"$f":"F67*(1+G67)","v":{"v":1204.8373333333334,"d":"1205"}},"CY",{"v":110,"d":"$110.0"},{"$f":"J67*H67","v":{"v":132532.10666666666,"d":"$132,532.11"}},0,{"$f":"L67*H67","v":0},{"v":110,"d":"$110.0"},{"$f":"N67*H67","v":{"v":132532.10666666666,"d":"$132,532"}}]
[{"$f":"IF(I68<>\"\",1+MAX($A$6:A67),\"\")","v":""}]
[{"$f":"IF(I69<>\"\",1+MAX($A$6:A68),\"\")","v":28},"S-2.1","S-2.1",null,"Backfill (Slabs) - Gravel Fill",{"v":98.92592592592592,"d":"99"},{"v":0.1,"d":"10%"},{"$f":"F69*(1+G69)","v":{"v":108.81851851851853,"d":"109"}},"CY",{"v":35,"d":"$35.0"},{"$f":"J69*H69","v":{"v":3808.6481481481487,"d":"$3,808.65"}},0,{"$f":"L69*H69","v":0},{"v":35,"d":"$35.0"},{"$f":"N69*H69","v":{"v":3808.6481481481487,"d":"$3,809"}}]
[{"$f":"IF(I70<>\"\",1+MAX($A$6:A69),\"\")","v":29},"S-2.1","S-2.1",null,"Backfill (Retaining Walls) - Free Draining Gravel Fill",{"v":145.88888888888889,"d":"146"},{"v":0.1,"d":"10%"},{"v":160.4777777777778,"d":"160"},"CY",{"v":35,"d":"$35.0"},{"v":5616.722222222223,"d":"$5,616.72"},0,0,{"v":35,"d":"$35.0"},{"v":5616.722222222223,"d":"$5,617"}]
[{"$f":"IF(I71<>\"\",1+MAX($A$6:A70),\"\")","v":""}]
["SUB TOTAL",{"$nulls":13},{"$f":"SUM(O8:O71)","v":{"v":411702.054774,"d":"$411,702"}},{"$f":"SUM(P7:P71)","v":{"v":411702.054774,"d":"$411,702"}}]
["OVERHEAD & PROFIT (25%)",{"$nulls":12},{"v":0.25,"d":"25%"},{"$f":"N73*O72","v":{"v":102925.5136935,"d":"$102,926"}},{"$f":"N73*P72","v":{"v":102925.5136935,"d":"$102,926"}}]
["TOTAL BID",{"$nulls":13},{"$f":"SUM(O72:O73)","v":{"v":514627.56846750004,"d":"$514,628"}},{"$f":"SUM(P72:P73)","v":{"v":514627.56846750004,"d":"$514,628"}}]